000 00278nam a22001217a 4500
003 SGT
082 _a920
_bM92G
100 _aGUPTA, KRISHNA MURTI
245 _aMIRA BEHN : GANDHIJI DAUGHTER DISCIPLE
260 _bHIMALAYA SEWA SANGH
_c1992
300 _a298
942 _2ddc
_cBK
999 _c32039
_d32039